000 00653nam a2200253 a 4500
001 nice12345678
003 IN_TiNIC
005 20260116013048.0
008 050524s1988 newa grp 000 0 eng
020 _a0300627
_c486.5
082 0 0 _a306.2
_bKER
100 _aKertzer, David I
245 _aRitual, Politics and Power
260 _aNew Haven
_bYale University Press
_c1988
300 _a235p
500 _aincludes index and biblioraphy
505 2 _aIndex
650 _aPolitical.Cust.& Rites-Cross.Cult.S
650 _aRites And Ceremonies
700 1 _aKertzer, David I
902 _bSRS
942 _cBK
999 _c9491
_d9491